000 00795nam a2200193Ia 4500
003 GCL
008 140319s9999 xx 000 0 ara d
040 _aGCL /
_cGCL
082 0 4 _a923.1
_bك ق
100 1 _aكارتر، جيمى
245 1 0 _aقبل الفجر بساعة :
_bمذكرات الصبا فى الريف /
_cكارتر، جيمى
250 _aالاولى
260 _aالقاهرة :
_bمركز الاهرام للترجمة والنشر ،
_c2004
300 _a282 ص ؛
_c24 سم
650 0 4 _aالولايات المتحدة الامريكية - تاريخ - العصر الحديث - كارتر
650 0 4 _aرؤساء الجمهورية - تراجم
650 0 4 _aالولايات المتحدة الامريكية - رؤساء الجمهورية
942 _2ddc
_cBK
999 _c6489
_d6489